Igualdad retributiva, planes de igualdad y registro salarial

Bibliographic Details
Main Author: Sagardoy de Simn̤, Íįgo
Other Authors: Nę︢z-Cortš Contreras, Pilar, Nieto Rojas, Patricia
Format: eBook
Language:Spanish
Published: Madrid: Dykinson, 2022
Subjects:
Online Access:Acceso restringido

MARC

LEADER 00000nam a22000007a 4500
005 20220801223232.0
007 cr|||| ||||
008 220801s2022 es |||||s|||| 00||0 spa d
020 |a 978-84-1122-215-0 
035 |a 36492 
040 |a vLex 
090 |c 13658  |d 13658 
100 1 |a Sagardoy de Simn̤, Íįgo 
245 1 0 |a Igualdad retributiva, planes de igualdad y registro salarial  |h [Recurso electrn̤ico] /  |c Íįgo Sagardoy de Simn̤, Pilar Nę︢z-Cortš Contreras, Patricia Nieto Rojas 
256 |a Servicio en ln̕ea 
260 |a Madrid:  |b Dykinson,  |c 2022 
300 |a 1 recurso electrn̤ico 
500 |a El principio de transparencia retributiva se erige en el RD Ley 6/2019, desarrollado a travš del RD 902/2020 como piedra angular de las acciones pb︢licas tendentes a eliminar la brecha salarial. Tras su aprobacin̤, todas las empresas tendrǹ que elaborar un registro y aquellas que hayan de contar con un plan de igualdad, adems̀ deberǹ realizar una auditora̕ retributiva para comprobar que ni el sistema clasificatorio ni la estructura salarial encierre sesgos de gňero que penalicen las trayectorias laborales de las mujeres. La obra aborda tambiň las importantes novedades contenidas en el RD 901/2020 en relacin̤ a los procedimientos de negociacin̤ y aprobacin̤ de los planes de igualdad. 
506 1 |a Disponible solo en los productos indicados  |d vLex Global  |d vLex Global (Academic Edition, excluding Law Schools)  |d vLex Global (U.S. Academic Edition, Law Schools)  |d vLex Global (U.S. Academic Edition, excluding Law Schools)  |d vLex Global (Academic Edition, Law Schools) 
650 0 4 |a Derecho Laboral y Seguridad Social  |z Espaą 
700 1 |a Nę︢z-Cortš Contreras, Pilar 
700 1 |a Nieto Rojas, Patricia 
740 0 |a vLex Libros (Servicio en ln̕ea) 
856 4 0 |u https://app.vlex.com/#/sources/36492  |z Acceso restringido 
942 |c BOOK 
999 0 |a Labor law and social security